Music Theory Quiz - Statistics

General Stats
  • This quiz has been taken 223 times
  • The average score is 7 of 10
Answer Stats
Question Answer % Correct
If the time signature for a piece is 3/4, how many beats are in a single measure 3
97%
Which of the following dynamic markings means to play the strongest. ff
93%
What is the name of a note that is 4 beats long Whole note
93%
How many flats are there in a B-flat major key 2
73%
In string repertoire, what does the x symbol mean? double sharp
69%
What does "tr" mean in music? trill
68%
What is the maximum amount of accidentals any key can have? 7
57%
True or false: One of the 4 strings on a violin is a C False
55%
How many whole steps are in between G and E going up? 4.5
49%
From highest to lowest, what are the names of all the clefs Bass, Alto, Tenor, Treble
8%
No matching quizzes found
Score Distribution
Percent of People with Each Score
Percentile by Number Answered
Your Score History
You have not taken this quiz